000 00360nam a2200145Ia 4500
008 090124s9999 xx 000 0 und d
082 _b304009
245 _a अरुंधती
250 _a1
260 _bकेळकर राजा
_c1999
300 _a151
630 _a अरुंधती
730 _a अरुंधती
942 _cBOOK
999 _c193646
_d193646